000 01091nam a22003017a 4500
001 BR8201404
003 BR-BrBNA
005 20230928091247.0
007 ta
008 230509b bl.||||| |||| 00| 0 por d
040 _aBR-BrBNA
_bpor
_cBiblioteca Nacional de Agricultura
041 _a(Por)
072 _aF60
_b2480
090 _ 2480 BR8201404
100 1 _aBergonci, J.I.
110 1 _aUniversidade Federal de Vicosa, MG (Brasil)
_0Tese (Magister Scientiae)
245 1 _aEstudos fisiologicos relacionados com o balanco de CO2 durante a ontogenia foliar em Hevea brasiliensis Muel Arg. [Seringueira; Gas carbonico]
246 1 _a[Physiological studies related with CO2 balance during foliar ontogeny in Hevea brasiliensis Muell Arg. [Rubber plant; Carbon dioxide]]
260 3 _aVicosa, MG (Brasil):
_c1981.
300 _a53 p.
500 _a15 illus.; Bibliography p. 44-53 (92 ref.); Summary (Por)
650 _aFisiologia vegetal
650 _aSeringueira
650 _aRespiracao
650 _aGas carbonico
909 _a202309
_bLucia
_c55
_dLucia Elande
942 _cBK
999 _c33083
_d33083